Normal view
MARC view
Entry Personal Name
001 - CONTROL NUMBER
- control field: 260483
003 - CONTROL NUMBER IDENTIFIER
- control field: OSt
005 - DATE AND TIME OF LATEST TRANSACTION
- control field: 20260407114931.0
008 - FIXED-LENGTH DATA ELEMENTS
- fixed length control field: 260407|| aca||aabn | a|a d
040 ## - CATALOGING SOURCE
- Original cataloging agency: OSt
- Transcribing agency: OSt
100 ## - HEADING--PERSONAL NAME
- Personal name: CHANDRAPRAKASH MISHRA.
- Dates associated with a name: चंद्रप्रकाश मिश्रा
670 ## - SOURCE DATA FOUND
- Source citation: Work cat.: (OSt)107360: CHANDRAPRAKASH MISHRA. चंद्रप्रकाश मिश्रा , Media lekhan: siddhant aur vyavahar., 2003